| 000 | 00469nam a22001097a 4500 | ||
|---|---|---|---|
| 008 | 150623b xxu||||| |||| 00| 0 eng d | ||
| 010 | _8HCCRSARF:006 | ||
| 245 | _aHIGH COURT CRIMINAL SESSION NO. 50 of 1970 Uganda Vs Maliko Okuzije | ||
| 260 | _aHigh Court Kampala | ||
| 500 | _3(Original Criminal Case No. ME. 365/69 of the Chief Magistrate Court of Mengo at Kampala Before- His Worship M.R. Thankerer, Esq.,.Mag.Grd1 ) | ||
| 500 | _3Before: Hon Mr. Justice R.E.G Russell | ||
| 999 |
_c6609 _d6609 |
||